| 000 | 00969cab a2200277 4500 | ||
|---|---|---|---|
| 001 | WB2846-51 | ||
| 008 | 090401t1992 xxu||||| |||| 00| 0 eng d | ||
| 035 | _a(Sirsi) u68794 | ||
| 041 | _aeng | ||
| 245 | _aNitrates contaminate water | ||
| 260 | _c1992 | ||
| 350 | _a0 | ||
| 490 |
_aGuardian _v26 November 1992, 3(2) |
||
| 520 | _aFollowing Britain`s conviction by the European Court of Justice for allowing drinking water to contain high levels of nitrates, the Government is to reduce the use of fertilisers by designating about a quarter of all farmland as nitrate sensitive areas. Farmers fear this will affect production and incomes. | ||
| 650 | _aDRINKING WATER | ||
| 650 | _aEC LEGISLATION | ||
| 650 | _aFARM INCOMES | ||
| 650 | _aFERTILISERS | ||
| 650 | _aNITRATE SENSITIVE AREAS | ||
| 650 | _aNITRATES | ||
| 690 | _aENVIRONMENTAL AND LAND CONSULTANCY | ||
| 690 | _aRURAL PRACTICE | ||
| 690 | _aWATER | ||
| 942 | _n0 | ||
| 948 | _c04/03/1997 | ||
| 999 |
_c43182 _d43182 |
||